Statistics for Find the Country from the Name without Repeated Letters

Click here to take the quiz!

General Stats

  • This quiz has been taken 68 times
  • The average score is 11 of 20

Answer Stats

NAME WITHOUT REPEATED LETTERS COUNTRY % Correct
Eas ImorEast Timor
98%
South FricSouth Africa
87%
S MrioSan Marino
85%
UrkmeisaTurkmenistan
81%
Ost RiCosta Rica
80%
W ZldNew Zealand
76%
UstrliAustralia
76%
TziTanzania
74%
RpublifthngRepublic of the Congo
67%
LbniAlbania
57%
Oth DanSouth Sudan
56%
JksnTajikistan
54%
PluPalau
52%
RdosBarbados
46%
MrMorocco
41%
NdoAndorra
28%
McnFederated States of Micronesia
11%
VchgrSaint Vincent and the Grenadines
9%
M IladSolomon Islands
7%
ItaEritrea
6%

Score Distribution

Percentile by Number Answered

Percent of People with Each Score

Your Score History

You have not taken this quiz